000 00544nam a2200193Ia 4500
008 210417s9999 xx 000 0 und d
020 _a9781632412522
020 _b1632412527
082 _a616.9792 MOS
082 _b22.616.9792 MOS
245 0 _aHIV and AIDS: clinical research and advances
245 0 _cHIV and AIDS clinical research and advances
250 _b"vi, 374 p. : ill. ; 24 cm. "
260 _aNew York
260 _bHayle Medical
260 _c2015
700 _a"Mostafa, Roger"
700 _bedited by Roger Mostafa
999 _c486141
_d486141